| 000 | 01303nam a2200421 a 4500 | ||
|---|---|---|---|
| 001 | 21005 | ||
| 003 | VRT | ||
| 005 | 20260210143009.0 | ||
| 008 | 240318s2017 xr g 000 f slo | ||
| 015 | _aSNBZSA2018/01 | ||
| 020 |
_a9788072439713 _q(viazané) |
||
| 035 | _aurn:nbn:sk:snk-am00dged | ||
| 035 | _aurn:nbn:sk:snk-am3i1ed | ||
| 035 | _a2E1C2D22-E99A-49B4-813C-C1057FC8036F | ||
| 039 | 9 |
_a202403182017 _bVLOAD _c202003161051 _dVLOAD _c201904050914 _dAUTHORITY _c201802061329 _dmsnk131 |
|
| 040 |
_aPPPK _bslo _cPPPK _dSNK _eAACR2 |
||
| 041 | 0 | _aslo | |
| 044 |
_axr _cCZ |
||
| 072 | 7 |
_a821.162.4 _xSlovenská literatúra _2konspekt |
|
| 080 |
_a821.162.4-31 _22011 |
||
| 100 | 1 |
_aWurm, Monika, _d1983- _4aut |
|
| 245 | 1 | 0 |
_aRockový sen _cMonika Wurm |
| 250 | _a1. vyd. | ||
| 260 |
_aPraha _bBrána _c2017 |
||
| 300 |
_a397 s. _c21 cm |
||
| 500 | _aVoľné pokračovanie knihy Rockové tango | ||
| 655 | 7 |
_aslovenské romány _2SNKPH |
|
| 655 | 7 |
_aSlovak fiction _2SNKPHeng |
|
| 910 | _apppk | ||
| 910 | _apokpoh | ||
| 910 | _askpk | ||
| 910 | _asllk | ||
| 910 | _abjkdg | ||
| 910 | _atotk | ||
| 910 | _asnk | ||
| 942 |
_2ddc _cKLDO _n0 |
||
| 949 |
_617A1307274 _asnkSC 177683 _bsnk2018/1136 _oVydavatelství a nakladatelství Aleš Čeněk72-ah/11Int. č. fa - 74/2017 _s6100:20180409 |
||
| 999 |
_c21005 _d21005 |
||